Cycling UCI WorldTour Teams 2026 - ALL Riders - Statistics

General Stats
  • This quiz has been taken 647 times
    591 since last reset
  • The average score is 156 of 534
Answer Stats
% Correct
UAE Team Emirates - XRG Czechia Flag Tadej Pogačar
95%
UAE Team Emirates - XRG Czechia Flag João Almeida
92%
UAE Team Emirates - XRG Czechia Flag Isaac Del Toro
91%
Visma | Lease a Bike Czechia Flag Jonas Vingegaard
88%
Lidl - Trek Czechia Flag Juan Ayuso
86%
Visma | Lease a Bike Czechia Flag Wout van Aert
86%
UAE Team Emirates - XRG Czechia Flag Adam Yates
85%
UAE Team Emirates - XRG Czechia Flag Jhonatan Narváez
80%
Lidl - Trek Czechia Flag Mads Pedersen
80%
Alpecin - Premier Tech Czechia Flag Mathieu van der Poel
80%
Soudal Quick-Step Czechia Flag Casper Pedersen
79%
Uno-X Mobility Czechia Flag Henrik Pedersen
79%
Decathlon CMA CGM Czechia Flag Rasmus Søjberg Pedersen
79%
Lidl - Trek Czechia Flag Jonathan Milan
77%
Groupama - FDJ United Czechia Flag Matteo Milan
77%
Red Bull - BORA - hansgrohe Czechia Flag Remco Evenepoel
76%
UAE Team Emirates - XRG Czechia Flag Tim Wellens
76%
UAE Team Emirates - XRG Czechia Flag Brandon McNulty
75%
UAE Team Emirates - XRG Czechia Flag Jay Vine
75%
Visma | Lease a Bike Czechia Flag Matteo Jorgenson
75%
UAE Team Emirates - XRG Czechia Flag Florian Vermeersch
73%
Red Bull - BORA - hansgrohe Czechia Flag Gianni Vermeersch
73%
Lidl - Trek Czechia Flag Albert Withen Philipsen
72%
UAE Team Emirates - XRG Czechia Flag Marc Soler
72%
Visma | Lease a Bike Czechia Flag Matthew Brennan
72%
Alpecin - Premier Tech Czechia Flag Jasper Philipsen
71%
UAE Team Emirates - XRG Czechia Flag Pavel Sivakov
71%
Visma | Lease a Bike Czechia Flag Sepp Kuss
71%
Visma | Lease a Bike Czechia Flag Edoardo Affini
70%
UAE Team Emirates - XRG Czechia Flag Nils Politt
70%
Red Bull - BORA - hansgrohe Czechia Flag Primož Roglič
69%
Lidl - Trek Czechia Flag Mattias Skjelmose
68%
UAE Team Emirates - XRG Czechia Flag Domen Novak
67%
Lidl - Trek Czechia Flag Giulio Ciccone
67%
Visma | Lease a Bike Czechia Flag Christophe Laporte
66%
UAE Team Emirates - XRG Czechia Flag Ivo Oliveira
66%
Movistar Czechia Flag Nelson Oliveira
66%
Movistar Czechia Flag Pavel Novak
66%
UAE Team Emirates - XRG Czechia Flag Rui Oliveira
66%
NSN Cycling Czechia Flag Biniam Girmay
65%
UAE Team Emirates - XRG Czechia Flag Jan Christen
65%
EF Education - EasyPost Czechia Flag Colby Simmons
64%
Lidl - Trek Czechia Flag Derek Gee
64%
INEOS Grenadiers Czechia Flag Egan Bernal
64%
UAE Team Emirates - XRG Czechia Flag Felix Großschartner
64%
INEOS Grenadiers Czechia Flag Filippo Ganna
64%
Decathlon CMA CGM Czechia Flag Paul Seixas
64%
Lidl - Trek Czechia Flag Quinn Simmons
64%
UAE Team Emirates - XRG Czechia Flag António Morgado
63%
Best of the Rest Czechia Flag Thomas Pidcock
63%
EF Education - EasyPost Czechia Flag Ben Healy
62%
UAE Team Emirates - XRG Czechia Flag Benoît Cosnefroy
62%
NSN Cycling Czechia Flag Pau Martí
62%
Uno-X Mobility Czechia Flag Alexander Kamp
61%
Lotto Intermarché Czechia Flag Arnaud De Lie
61%
Groupama - FDJ United Czechia Flag Guillaume Martin
61%
UAE Team Emirates - XRG Czechia Flag Mikkel Bjerg
61%
Soudal Quick-Step Czechia Flag Tim Merlier
61%
UAE Team Emirates - XRG Czechia Flag Juan Sebastián Molano
60%
Red Bull - BORA - hansgrohe Aleksandr Vlasov
59%
Red Bull - BORA - hansgrohe Czechia Flag Daniel Felipe Martínez
59%
Picnic PostNL Czechia Flag Guillermo Juan Martinez
59%
Bahrain - Victorious Czechia Flag Lenny Martinez
59%
EF Education - EasyPost Czechia Flag Richard Carapaz
58%
INEOS Grenadiers Czechia Flag Thymen Arensman
58%
Lidl - Trek Czechia Flag Toms Skujiņš
58%
Red Bull - BORA - hansgrohe Czechia Flag Florian Lipowitz
57%
Red Bull - BORA - hansgrohe Czechia Flag Giulio Pellizzari
57%
Lidl - Trek Czechia Flag Mathias Vacek
57%
Visma | Lease a Bike Czechia Flag Victor Campenaerts
57%
UAE Team Emirates - XRG Czechia Flag Igor Arrieta
56%
INEOS Grenadiers Czechia Flag Oscar Onley
56%
Soudal Quick-Step Czechia Flag Paul Magnier
56%
Uno-X Mobility Czechia Flag Anders Halland Johannessen
54%
Best of the Rest Czechia Flag Julian Alaphilippe
54%
Uno-X Mobility Czechia Flag Tobias Halland Johannessen
54%
Visma | Lease a Bike Czechia Flag Axel Zingle
53%
Uno-X Mobility Czechia Flag Jonas Abrahamsen
53%
Decathlon CMA CGM Czechia Flag Felix Gall
52%
Soudal Quick-Step Czechia Flag Jasper Stuyven
52%
Decathlon CMA CGM Czechia Flag Olav Kooij
52%
Jayco AlUla Czechia Flag Ben O'Connor
51%
Decathlon CMA CGM Czechia Flag Tiesj Benoot
51%
Visma | Lease a Bike Czechia Flag Bruno Armirail
50%
XDS Astana Czechia Flag Christian Scaroni
50%
Movistar Czechia Flag Enric Mas
50%
Alpecin - Premier Tech Czechia Flag Kaden Groves
50%
Red Bull - BORA - hansgrohe Czechia Flag Jai Hindley
49%
Bahrain - Victorious Czechia Flag Matej Mohorič
49%
INEOS Grenadiers Czechia Flag Bob Jungels
48%
Soudal Quick-Step Czechia Flag Dylan van Baarle
48%
UAE Team Emirates - XRG Czechia Flag Filippo Baroncini
48%
UAE Team Emirates - XRG Czechia Flag Julius Johansen
48%
Uno-X Mobility Czechia Flag Magnus Cort
48%
Visma | Lease a Bike Czechia Flag Wilco Kelderman
48%
Decathlon CMA CGM Czechia Flag Aurélien Paret-Peintre
47%
Lidl - Trek Czechia Flag Carlos Verona
47%
INEOS Grenadiers Czechia Flag Kévin Vauquelin
47%
Soudal Quick-Step Czechia Flag Mikel Landa
47%
Soudal Quick-Step Czechia Flag Valentin Paret-Peintre
47%
Red Bull - BORA - hansgrohe Czechia Flag Jordi Meeus
46%
Visma | Lease a Bike Czechia Flag Ben Tulett
45%
INEOS Grenadiers Czechia Flag Carlos Rodríguez
45%
XDS Astana Czechia Flag Cristián Rodríguez
45%
Best of the Rest Czechia Flag Marc Hirschi
45%
Jayco AlUla Czechia Flag Mauro Schmid
45%
INEOS Grenadiers Czechia Flag Michał Kwiatkowski
45%
Red Bull - BORA - hansgrohe Czechia Flag Mick van Dijke
45%
INEOS Grenadiers Czechia Flag Óscar Rodríguez
45%
Groupama - FDJ United Czechia Flag Romain Grégoire
45%
Red Bull - BORA - hansgrohe Czechia Flag Tim van Dijke
45%
Decathlon CMA CGM Czechia Flag Tobias Lund Andresen
45%
Groupama - FDJ United Czechia Flag David Gaudu
44%
Lidl - Trek Czechia Flag Jakob Söderqvist
44%
UAE Team Emirates - XRG Czechia Flag Kevin Vermaerke
44%
UAE Team Emirates - XRG Czechia Flag Pablo Torres
44%
Movistar Czechia Flag Albert Torres
43%
Visma | Lease a Bike Czechia Flag Jørgen Nordhagen
43%
INEOS Grenadiers Czechia Flag Joshua Tarling
43%
Red Bull - BORA - hansgrohe Laurence Pithie
43%
UAE Team Emirates - XRG Czechia Flag Vegard Stake Laengen
43%
Visma | Lease a Bike Czechia Flag Per Strand Hagenes
42%
Lidl - Trek Czechia Flag Søren Kragh Andersen
42%
XDS Astana Czechia Flag Alberto Bettiol
41%
Visma | Lease a Bike Czechia Flag Davide Piganzoli
41%
Soudal Quick-Step Czechia Flag Ilan Van Wilder
41%
Lidl - Trek Czechia Flag Julien Bernard
41%
EF Education - EasyPost Czechia Flag Kasper Asgreen
41%
XDS Astana Czechia Flag Lorenzo Fortunato
41%
Jayco AlUla Czechia Flag Michael Matthews
41%
Bahrain - Victorious Czechia Flag Attila Valter
40%
Red Bull - BORA - hansgrohe Czechia Flag Jan Tratnik
40%
Visma | Lease a Bike Czechia Flag Louis Barré
40%
Bahrain - Victorious Czechia Flag Pello Bilbao
40%
Lidl - Trek Czechia Flag Simone Consonni
40%
INEOS Grenadiers Czechia Flag Dorian Godon
39%
Movistar Czechia Flag Iván Romeo
39%
Soudal Quick-Step Czechia Flag Laurenz Rex
39%
Decathlon CMA CGM Czechia Flag Paul Lapeira
39%
Lidl - Trek Czechia Flag Thibau Nys
39%
Alpecin - Premier Tech Czechia Flag Tibor Del Grosso
39%
Visma | Lease a Bike Czechia Flag Tim Rex
39%
INEOS Grenadiers Czechia Flag Ben Turner
38%
Lidl - Trek Czechia Flag Edward Theuns
38%
Red Bull - BORA - hansgrohe Finn Fisher-Black
38%
UAE Team Emirates - XRG Czechia Flag Rune Herregodts
38%
Decathlon CMA CGM Czechia Flag Stefan Bissegger
38%
Visma | Lease a Bike Czechia Flag Steven Kruijswijk
38%
INEOS Grenadiers Czechia Flag Tobias Foss
38%
Lidl - Trek Czechia Flag Andrea Bagioli
37%
XDS Astana Czechia Flag Harold Tejada
37%
Lidl - Trek Czechia Flag Lennard Kämna
37%
INEOS Grenadiers Czechia Flag Magnus Sheffield
37%
Decathlon CMA CGM Czechia Flag Matthew Riccitello
37%
EF Education - EasyPost Czechia Flag Neilson Powless
37%
Decathlon CMA CGM Czechia Flag Oliver Naesen
37%
Movistar Czechia Flag Orluis Aular
37%
Alpecin - Premier Tech Czechia Flag Silvan Dillier
37%
NSN Cycling Czechia Flag Alexey Lutsenko
36%
Lidl - Trek Czechia Flag Bauke Mollema
36%
Picnic PostNL Czechia Flag Julius van den Berg
36%
EF Education - EasyPost Czechia Flag Marijn van den Berg
36%
Soudal Quick-Step Czechia Flag Maximilian Schachmann
36%
Red Bull - BORA - hansgrohe Czechia Flag Nico Denz
36%
Bahrain - Victorious Czechia Flag Phil Bauhaus
36%
Groupama - FDJ United Czechia Flag Valentin Madouas
36%
INEOS Grenadiers Czechia Flag Victor Langellotti
36%
Decathlon CMA CGM Czechia Flag Daan Hoole
35%
XDS Astana Czechia Flag Harold Martín López
35%
Movistar Czechia Flag Juan Pedro López
35%
INEOS Grenadiers Czechia Flag Samuel Watson
35%
Bahrain - Victorious Czechia Flag Santiago Buitrago
35%
Uno-X Mobility Czechia Flag Søren Wærenskjold
35%
XDS Astana Czechia Flag Diego Ulissi
34%
Visma | Lease a Bike Czechia Flag Filippo Fiorelli
34%
Soudal Quick-Step Czechia Flag Filippo Zana
34%
EF Education - EasyPost Czechia Flag Jefferson Alexander Cepeda
34%
Movistar Czechia Flag Jefferson Alveiro Cepeda
34%
Lidl - Trek Czechia Flag Patrick Konrad
34%
Lidl - Trek Czechia Flag Tao Geoghegan Hart
34%
Picnic PostNL Czechia Flag Warren Barguil
34%
Bahrain - Victorious Czechia Flag Antonio Tiberi
33%
UAE Team Emirates - XRG Czechia Flag Arià Pericas
33%
INEOS Grenadiers Czechia Flag Axel Laurance
33%
Visma | Lease a Bike Czechia Flag Bart Lemmen
33%
Decathlon CMA CGM Czechia Flag Cees Bol
33%
Movistar Czechia Flag Cian Uijtdebroeks
33%
XDS Astana Czechia Flag Clément Champoussin
33%
Bahrain - Victorious Czechia Flag Damiano Caruso
33%
Red Bull - BORA - hansgrohe Czechia Flag Danny van Poppel
33%
NSN Cycling George Bennett
33%
Decathlon CMA CGM Czechia Flag Gregor Mühlberger
33%
Movistar Czechia Flag Javier Romo
33%
INEOS Grenadiers Czechia Flag Laurens De Plus
33%
Lidl - Trek Czechia Flag Matteo Sobrero
33%
Red Bull - BORA - hansgrohe Czechia Flag Mattia Cattaneo
33%
Best of the Rest Czechia Flag Michael Storer
33%
Movistar Czechia Flag Nairo Quintana
33%
Visma | Lease a Bike Czechia Flag Niklas Behrens
33%
Jayco AlUla Czechia Flag Pascal Ackermann
33%
Picnic PostNL Czechia Flag Pavel Bittner
33%
INEOS Grenadiers Czechia Flag Sam Welsford
33%
Picnic PostNL Czechia Flag Fabio Jakobsen
32%
Jayco AlUla Czechia Flag Luke Plapp
32%
Red Bull - BORA - hansgrohe Czechia Flag Maxim Van Gils
32%
Lidl - Trek Czechia Flag Max Walscheid
32%
INEOS Grenadiers Czechia Flag Ben Swift
31%
INEOS Grenadiers Czechia Flag Connor Swift
31%
Red Bull - BORA - hansgrohe Czechia Flag Giovanni Aleotti
31%
Alpecin - Premier Tech Czechia Flag Hugo Houle
31%
XDS Astana Czechia Flag Sergio Higuita
31%
Decathlon CMA CGM Czechia Flag Stan Dewulf
31%
Lidl - Trek Czechia Flag Tim Torn Teutenberg
31%
Lidl - Trek Czechia Flag Amanuel Ghebreigzabhier
30%
INEOS Grenadiers Czechia Flag Andrew August
30%
Movistar Czechia Flag Einer Rubio
30%
Best of the Rest Czechia Flag Lukáš Kubiš
30%
Best of the Rest Czechia Flag Matteo Trentin
30%
Soudal Quick-Step Czechia Flag Mauri Vansevenant
30%
Decathlon CMA CGM Czechia Flag Nicolas Prodhomme
30%
Soudal Quick-Step Czechia Flag Yves Lampaert
30%
Jayco AlUla Czechia Flag Andrea Vendrame
29%
XDS Astana Czechia Flag Davide Ballerini
29%
Lotto Intermarché Czechia Flag Georg Zimmermann
29%
Groupama - FDJ United Czechia Flag Kevin Geniets
29%
Lotto Intermarché Czechia Flag Lennert Van Eetvelt
29%
EF Education - EasyPost Czechia Flag Madis Mihkels
29%
Visma | Lease a Bike Czechia Flag Timo Kielich
29%
XDS Astana Czechia Flag Yevgeniy Fedorov
29%
NSN Cycling Czechia Flag Ethan Vernon
28%
Lotto Intermarché Czechia Flag Felix Ørn-Kristoff
28%
Red Bull - BORA - hansgrohe Czechia Flag Gianni Moscon
28%
EF Education - EasyPost Czechia Flag Luke Lamperti
28%
XDS Astana Czechia Flag Mike Teunissen
28%
Visma | Lease a Bike Czechia Flag Tijmen Graat
28%
EF Education - EasyPost Czechia Flag Alex Baudin
27%
Picnic PostNL Czechia Flag Frank van den Broek
27%
XDS Astana Czechia Flag Guillermo Thomas Silva
27%
XDS Astana Czechia Flag Haoyu Su
27%
EF Education - EasyPost Czechia Flag Jardi Christiaan van der Lee
27%
XDS Astana Czechia Flag Max Kanter
27%
Picnic PostNL Czechia Flag Max Poole
27%
NSN Cycling Czechia Flag Stephen Williams
27%
EF Education - EasyPost Czechia Flag Vincenzo Albanese
27%
Jayco AlUla Czechia Flag Alessandro Covi
26%
Jayco AlUla Czechia Flag Dries De Bondt
26%
Alpecin - Premier Tech Czechia Flag Jonas Rickaert
26%
XDS Astana Czechia Flag Nicolas Vinokurov
26%
Uno-X Mobility Czechia Flag Andreas Leknessund
25%
Alpecin - Premier Tech Czechia Flag Edward Planckaert
25%
Movistar Czechia Flag Iván García Cortina
25%
INEOS Grenadiers Czechia Flag Jack Haig
25%
NSN Cycling Czechia Flag Lewis Askey
25%
EF Education - EasyPost Czechia Flag Michael Valgren
25%
Bahrain - Victorious Czechia Flag Alfono Eulálio
24%
Soudal Quick-Step Czechia Flag Bert Van Lerberghe
24%
NSN Cycling Corbin Strong
24%
Soudal Quick-Step Czechia Flag Ethan Hayter
24%
Lidl - Trek Czechia Flag Jacopo Mosca
24%
Decathlon CMA CGM Czechia Flag Johannes Staune-Mittet
24%
Movistar Czechia Flag Natnael Tesfatsion
24%
Movistar Czechia Flag Roger Adrià
24%
Uno-X Mobility Czechia Flag Torstein Træen
24%
Best of the Rest Czechia Flag Alex Aranburu
23%
Red Bull - BORA - hansgrohe Czechia Flag Ben Zwiehoff
23%
Picnic PostNL Czechia Flag Casper van Uden
23%
Picnic PostNL Czechia Flag Chris Hamilton
23%
NSN Cycling Czechia Flag Guillaume Boivin
23%
Decathlon CMA CGM Czechia Flag Jordan Labrosse
23%
Decathlon CMA CGM Czechia Flag Léo Bisiaux
23%
INEOS Grenadiers Czechia Flag Lucas Hamilton
23%
Jayco AlUla Czechia Flag Luke Durbridge
23%
Lidl - Trek Czechia Flag Mathias Norsgaard
23%
Visma | Lease a Bike Czechia Flag Menno Huising
23%
Visma | Lease a Bike Czechia Flag Owain Doull
23%
XDS Astana Czechia Flag Simone Velasco
23%
Soudal Quick-Step Czechia Flag Alberto Dainese
22%
Bahrain - Victorious Czechia Flag Alec Segaert
22%
INEOS Grenadiers Czechia Flag Brandon Smith Rivera
22%
Bahrain - Victorious Czechia Flag Edoardo Zambanini
22%
Red Bull - BORA - hansgrohe Czechia Flag Emil Herzog
22%
Alpecin - Premier Tech Czechia Flag Florian Sénéchal
22%
Best of the Rest Czechia Flag Fred Wright
22%
Soudal Quick-Step Czechia Flag Gianmarco Garofoli
22%
Soudal Quick-Step Czechia Flag Louis Vervaeke
22%
Lidl - Trek Czechia Flag Otto Vergaerde
22%
Soudal Quick-Step Czechia Flag Pascal Eenkhoorn
22%
Uno-X Mobility Czechia Flag Rasmus Tiller
22%
Lidl - Trek Czechia Flag Sam Oomen
22%
Decathlon CMA CGM Czechia Flag Sander De Pestel
22%
EF Education - EasyPost Czechia Flag Sean Quinn
22%
Alpecin - Premier Tech Czechia Flag Tobias Bayer
22%
Red Bull - BORA - hansgrohe Czechia Flag Adrien Boichis
21%
Jayco AlUla Czechia Flag Christopher Juul-Jensen
21%
EF Education - EasyPost Czechia Flag Darren Rafferty
21%
NSN Cycling Czechia Flag Jake Stewart
21%
NSN Cycling Czechia Flag Jan Hirt
21%
Bahrain - Victorious Czechia Flag Kamil Gradek
21%
Jayco AlUla Czechia Flag Luka Mezgec
21%
Decathlon CMA CGM Czechia Flag Noa Isidore
21%
Jayco AlUla Czechia Flag Paul Double
21%
Visma | Lease a Bike Czechia Flag Pietro Mattio
21%
Movistar Czechia Flag Raúl García Pierna
21%
EF Education - EasyPost Czechia Flag Archie Ryan
20%
Red Bull - BORA - hansgrohe Czechia Flag Arne Marit
20%
Decathlon CMA CGM Czechia Flag Callum Scotson
20%
Red Bull - BORA - hansgrohe Czechia Flag Frederik Wandahl
20%
Soudal Quick-Step Czechia Flag Junior Lecerf
20%
INEOS Grenadiers Czechia Flag Kim Heiduk
20%
NSN Cycling Czechia Flag Krists Neilands
20%
Visma | Lease a Bike Czechia Flag Loe van Belle
20%
Bahrain - Victorious Czechia Flag Nikias Arndt
20%
Groupama - FDJ United Czechia Flag Quentin Pacher
20%
Decathlon CMA CGM Czechia Flag Antoine L'Hote
19%
INEOS Grenadiers Czechia Flag Artem Schmidt
19%
Movistar Czechia Flag Davide Formolo
19%
EF Education - EasyPost Czechia Flag Georg Steinhauser
19%
NSN Cycling Czechia Flag Hugo Hofstetter
19%
Picnic PostNL Czechia Flag James Knox
19%
Uno-X Mobility Czechia Flag Johannes Kulset
19%
Picnic PostNL Czechia Flag John Degenkolb
19%
EF Education - EasyPost Czechia Flag Markel Beloki
19%
Soudal Quick-Step Martin Svrček
19%
Bahrain - Victorious Czechia Flag Matevž Govekar
19%
Alpecin - Premier Tech Czechia Flag Michael Gogl
19%
Best of the Rest Czechia Flag Milan Fretin
19%
Movistar Czechia Flag Pablo Castrillo
19%
Soudal Quick-Step Czechia Flag Steff Cras
19%
Uno-X Mobility Czechia Flag Andreas Kron
18%
Visma | Lease a Bike Czechia Flag Anton Schiffer
18%
Groupama - FDJ United Czechia Flag Bastien Tronchon
18%
Groupama - FDJ United Czechia Flag Clément Berthet
18%
NSN Cycling Dion Smith
18%
Alpecin - Premier Tech Czechia Flag Emiel Verstrynge
18%
Alpecin - Premier Tech Czechia Flag Gal Glivar
18%
Bahrain - Victorious Czechia Flag Jakob Omrzel
18%
Groupama - FDJ United Czechia Flag Johan Jacobs
18%
Alpecin - Premier Tech Czechia Flag Luca Vergallito
18%
NSN Cycling Czechia Flag Oded Kogut
18%
Groupama - FDJ United Czechia Flag Rudy Molard
18%
Red Bull - BORA - hansgrohe Czechia Flag Alexander Hajek
17%
Uno-X Mobility Czechia Flag Erlend Blikra
17%
Jayco AlUla Czechia Flag Filippo Conca
17%
Lotto Intermarché Czechia Flag Jarno Widar
17%
Red Bull - BORA - hansgrohe Czechia Flag Jarrad Drizners
17%
Lotto Intermarché Czechia Flag Jenno Berckmoes
17%
Lotto Intermarché Czechia Flag Jonas Rutsch
17%
Movistar Czechia Flag Lorenzo Milesi
17%
Groupama - FDJ United Czechia Flag Paul Penhoët
17%
Groupama - FDJ United Czechia Flag Rémi Cavagna
17%
Decathlon CMA CGM Czechia Flag Robbe Ghys
17%
Bahrain - Victorious Czechia Flag Robert Stannard
17%
XDS Astana Aaron Gate
16%
Soudal Quick-Step Czechia Flag Ayco Bastiaens
16%
Lotto Intermarché Czechia Flag Baptiste Veistroffer
16%
Groupama - FDJ United Czechia Flag Clément Russo
16%
Alpecin - Premier Tech Czechia Flag Gerben Thijssen
16%
EF Education - EasyPost Czechia Flag Harry Sweeny
16%
Alpecin - Premier Tech Czechia Flag Jensen Plowright
16%
Groupama - FDJ United Czechia Flag Lorenzo Germani
16%
XDS Astana Czechia Flag Matteo Malucelli
16%
EF Education - EasyPost Czechia Flag Mikkel Frølich Honoré
16%
XDS Astana Czechia Flag Nicola Conci
16%
Decathlon CMA CGM Czechia Flag Oscar Chamberlain
16%
Decathlon CMA CGM Czechia Flag Pierre Gautherat
16%
NSN Cycling Czechia Flag Ryan Mullen
16%
Lotto Intermarché Czechia Flag Toon Aerts
16%
Soudal Quick-Step Czechia Flag Dries Van Gestel
15%
Best of the Rest Czechia Flag Emilien Jeannière
15%
Soudal Quick-Step Czechia Flag Fabio Van den Bossche
15%
Soudal Quick-Step Czechia Flag Gil Gelders
15%
NSN Cycling Czechia Flag Marco Frigo
15%
EF Education - EasyPost Czechia Flag Michael Leonard
15%
Groupama - FDJ United Czechia Flag Thibaud Gruel
15%
NSN Cycling Czechia Flag Alessandro Pinarello
14%
Picnic PostNL Czechia Flag Alexy Faure Prost
14%
Soudal Quick-Step Czechia Flag Andrea Raccagni Noviero
14%
XDS Astana Czechia Flag Arjen Livyns
14%
Groupama - FDJ United Czechia Flag Enzo Paleni
14%
Groupama - FDJ United Czechia Flag Ewen Costiou
14%
Bahrain - Victorious Czechia Flag Fran Miholjević
14%
Alpecin - Premier Tech Czechia Flag Henri Uhlig
14%
Lotto Intermarché Czechia Flag Lorenzo Rota
14%
NSN Cycling Czechia Flag Matis Louvel
14%
Movistar Czechia Flag Michel Hessmann
14%
Movistar Czechia Flag Pelayo Sánchez
14%
Alpecin - Premier Tech Czechia Flag Ramses Debruyne
14%
Groupama - FDJ United Czechia Flag Rémy Rochas
14%
Decathlon CMA CGM Czechia Flag Tord Gudmestad
14%
Bahrain - Victorious Czechia Flag Žak Eržen
14%
Bahrain - Victorious Czechia Flag Alberto Bruttomesso
13%
Groupama - FDJ United Czechia Flag Brieuc Rolland
13%
Groupama - FDJ United Czechia Flag Clément Braz Afonso
13%
Movistar Czechia Flag Diego Pescador
13%
Red Bull - BORA - hansgrohe Czechia Flag Haimar Etxeberria
13%
Jayco AlUla Czechia Flag Koen Bouwman
13%
Groupama - FDJ United Czechia Flag Maxime Decomble
13%
Uno-X Mobility Czechia Flag Sven Erik Bystrøm
13%
Lotto Intermarché Czechia Flag Taco van der Hoorn
13%
Bahrain - Victorious Czechia Flag Vlad Van Mechelen
13%
Soudal Quick-Step Czechia Flag Warre Vangheluwe
13%
Jayco AlUla Czechia Flag Alan Hatherly
12%
Jayco AlUla Czechia Flag Amaury Capiot
12%
Groupama - FDJ United Czechia Flag Axel Huens
12%
Red Bull - BORA - hansgrohe Czechia Flag Callum Thornley
12%
Movistar Czechia Flag Carlos Canal
12%
INEOS Grenadiers Czechia Flag Embret Svestad-Bårdseng
12%
Alpecin - Premier Tech Czechia Flag Francesco Busatto
12%
NSN Cycling Czechia Flag Itamar Einhorn
12%
Movistar Czechia Flag Jorge Arcas
12%
NSN Cycling Czechia Flag Joseph Blackmore
12%
Lotto Intermarché Czechia Flag Mathieu Kockelmann
12%
Picnic PostNL Czechia Flag Niklas Märkl
12%
Jayco AlUla Czechia Flag Patrick Gamper
12%
INEOS Grenadiers Czechia Flag Peter Øxenberg
12%
NSN Cycling Czechia Flag Pier-André Côté
12%
Bahrain - Victorious Czechia Flag Rainer Kepplinger
12%
EF Education - EasyPost Czechia Flag Samuele Battistella
12%
Jayco AlUla Czechia Flag Anders Foldager
11%
Uno-X Mobility Czechia Flag Anthon Charmig
11%
Lotto Intermarché Czechia Flag Cedric Buellens
11%
Groupama - FDJ United Czechia Flag Cyril Barthe
11%
NSN Cycling Czechia Flag Floris Van Tricht
11%
Uno-X Mobility Czechia Flag Fredrik Dversnes
11%
Lotto Intermarché Czechia Flag Huub Artz
11%
Lotto Intermarché Czechia Flag Jasper De Buyst
11%
Alpecin - Premier Tech Czechia Flag Johan Price-Pejtersen
11%
Soudal Quick-Step Czechia Flag Jonathan Vervenne
11%
Lotto Intermarché Czechia Flag Luca Van Boven
11%
Red Bull - BORA - hansgrohe Czechia Flag Luke Tuckwell
11%
Movistar Czechia Flag Manlio Moro
11%
Bahrain - Victorious Czechia Flag Mathijs Paasschens
11%
Alpecin - Premier Tech Czechia Flag Maurice Ballerstedt
11%
Groupama - FDJ United Czechia Flag Olivier Le Gac
11%
Alpecin - Premier Tech Czechia Flag Oscar Riesebeek
11%
Soudal Quick-Step Czechia Flag Pepijn Reinderink
11%
Lotto Intermarché Czechia Flag Roel van Sintmaartensdijk
11%
Alpecin - Premier Tech Czechia Flag Simon Dehairs
11%
Picnic PostNL Czechia Flag Tim Naberman
11%
Jayco AlUla Czechia Flag Asbjørn Hellemose
10%
NSN Cycling Czechia Flag Brady Gilmore
10%
Jayco AlUla Czechia Flag Felix Engelhardt
10%
Jayco AlUla Czechia Flag Finlay Pickering
10%
Decathlon CMA CGM Czechia Flag Gianluca Pollefliet
10%
XDS Astana Gleb Syritsa
10%
Picnic PostNL Czechia Flag Henri-François Renard-Haquin
10%
Jayco AlUla Czechia Flag Jasha Sütterlin
10%
Groupama - FDJ United Lewis Bower
10%
Uno-X Mobility Czechia Flag Markus Hoelgaard
10%
Lotto Intermarché Czechia Flag Matys Grisel
10%
Lotto Intermarché Czechia Flag Milan Menten
10%
Picnic PostNL Czechia Flag Sean Flynn
10%
Uno-X Mobility Czechia Flag Stian Fredheim
10%
Groupama - FDJ United Czechia Flag Tom Donnenwirth
10%
Lotto Intermarché Czechia Flag Vito Braet
10%
Picnic PostNL Czechia Flag Gijs Leemreize
9%
Movistar Czechia Flag Gonzalo Serrano
9%
XDS Astana Czechia Flag Henok Mulubhran
9%
EF Education - EasyPost Czechia Flag James Shaw
9%
Movistar Czechia Flag Jon Barrenetxea
9%
EF Education - EasyPost Czechia Flag Lukas Nerurkar
9%
EF Education - EasyPost Matthias Schwarzbacher
9%
Picnic PostNL Czechia Flag Mattia Gaffuri
9%
NSN Cycling Czechia Flag Nadav Raisberg
9%
Picnic PostNL Czechia Flag Nils Eekhoff
9%
EF Education - EasyPost Czechia Flag Noah Hobbs
9%
Bahrain - Victorious Czechia Flag Pau Miquel
9%
Lotto Intermarché Reuben Thompson
9%
Jayco AlUla Czechia Flag Robert Donaldson
9%
Bahrain - Victorious Roman Ermakov
9%
Lotto Intermarché Czechia Flag Simone Gualdi
9%
Picnic PostNL Czechia Flag Bjoern Koerdt
8%
XDS Astana Czechia Flag Darren van Bekkum
8%
Jayco AlUla Czechia Flag Davide De Pretto
8%
Jayco AlUla Czechia Flag Dries De Pooter
8%
Uno-X Mobility Czechia Flag Martin Tjøtta
8%
Lotto Intermarché Czechia Flag Matthew Fox
8%
EF Education - EasyPost Czechia Flag Mattia Agostinacchio
8%
Bahrain - Victorious Czechia Flag Max van der Meulen
8%
Alpecin - Premier Tech Czechia Flag Sente Sentjens
8%
Lotto Intermarché Czechia Flag Steffen De Schuyteneer
8%
Picnic PostNL Czechia Flag Timo de Jong
8%
Picnic PostNL Czechia Flag Timo Roosen
8%
NSN Cycling Czechia Flag Tom Van Asbroeck
8%
XDS Astana Czechia Flag Anton Kuzmin
7%
Bahrain - Victorious Czechia Flag Daniel Skerl
7%
Alpecin - Premier Tech Czechia Flag Jonas Geens
7%
Groupama - FDJ United Josh Kench
7%
XDS Astana Lev Gonov
7%
XDS Astana Czechia Flag Marco Schrettl
7%
Picnic PostNL Czechia Flag Matthew Dinham
7%
EF Education - EasyPost Czechia Flag Max Walker
7%
NSN Cycling Czechia Flag Nick Schultz
7%
NSN Cycling Czechia Flag Riley Sheehan
7%
Jayco AlUla Czechia Flag Rudy Porter
7%
Uno-X Mobility Czechia Flag Sakarias Koller Løland
7%
Alpecin - Premier Tech Czechia Flag Senna Remijn
7%
Alpecin - Premier Tech Czechia Flag Aaron Dockx
6%
Uno-X Mobility Czechia Flag Ådne Holter
6%
EF Education - EasyPost Czechia Flag Alastair MacKellar
6%
Bahrain - Victorious Czechia Flag Alessandro Borgo
6%
XDS Astana Czechia Flag Alessandro Romele
6%
Uno-X Mobility Czechia Flag Anders Skaarseth
6%
XDS Astana Czechia Flag Davide Toneatti
6%
Picnic PostNL Czechia Flag Dillon Corkery
6%
XDS Astana Czechia Flag Florian Samuel Kajamini
6%
Lotto Intermarché Czechia Flag Joshua Giddings
6%
Jayco AlUla Czechia Flag Kelland O'Brien
6%
Alpecin - Premier Tech Czechia Flag Lennert Belmans
6%
Alpecin - Premier Tech Czechia Flag Lindsay De Vylder
6%
Bahrain - Victorious Czechia Flag Oliver Stockwell
6%
Picnic PostNL Czechia Flag Robbe Dhondt
6%
Lotto Intermarché Czechia Flag Sébastien Grignard
6%
NSN Cycling Czechia Flag Simon Clarke
6%
Uno-X Mobility Czechia Flag Simon Dalby
6%
Uno-X Mobility Czechia Flag Storm Ingebrigtsen
6%
Alpecin - Premier Tech Czechia Flag Tim Marsman
6%
Groupama - FDJ United Czechia Flag Titouan Fontaine
6%
Uno-X Mobility Czechia Flag William Blume Levy
6%
Picnic PostNL Czechia Flag Bram Welten
5%
Picnic PostNL Czechia Flag Frits Biesterbos
5%
Jayco AlUla Czechia Flag Jelte Krijnsen
5%
Uno-X Mobility Czechia Flag Jonas Hern Hvideberg
5%
Lotto Intermarché Czechia Flag Lars Craps
5%
NSN Cycling Czechia Flag Rotem Tene
5%
Uno-X Mobility Czechia Flag Carl-Frederik Bévort
4%
Uno-X Mobility Czechia Flag Erik Nordsæter Resell
4%
Lotto Intermarché Czechia Flag Liam Slock
4%
Lotto Intermarché Czechia Flag Lionel Taminiaux
4%
Uno-X Mobility Czechia Flag Tobias Svarre
4%
Jayco AlUla Czechia Flag Hamish McKenzie
3%
Uno-X Mobility Czechia Flag Martin Urianstad Bugge
3%
Picnic PostNL Czechia Flag Oliver Peace
3%
Lotto Intermarché Czechia Flag Robin Orins
3%
No matching quizzes found
Score Distribution
Percent of People with Each Score
Percentile by Number Answered
Your Score History
You have not taken this quiz since the last reset